Desvelos / (Registro nro. 7176)

Detalles MARC
000 -LIDER
fixed length control field 01186nam a2200349 a 4500
001 - NÚMERO DE CONTROL
Identificador de número de control 000010615
003 - IDENTIFICACDOR DE NÚMERO DE CONTROL
control field 000010615
005 - DATE AND TIME OF LATEST TRANSACTION
control field 20180202154958.0
008 - ELEMENTOS DE LONGITUD FIJA
fixed length control field 091008s2002 dr 001 p spa d
020 ## - ISBN
International Standard Book Number 9993403350
040 ## - FUENTE DE CATALOGACIÓN
Agencia que crea de manera original el registro BPMET
Idioma de catalogación spa
Agencia que realiza la transcripción BPMET
049 ## - LOCAL HOLDINGS (OCLC)
Holding library BNPD
092 ## - LOCALLY ASSIGNED DEWEY DECIMAL CALL NUMBER
Número de clasificación RD861.44
Número de ítem (Cutter) P123d
100 1# - ASIENTO PRINCIPAL -- NOMBRE PERSONAL
Nombre personal Padilla Almarante, Natividad,
Fechas asociadas con el nombre 1960-
245 10 - MENCIÓN DE TITULO
Título Desvelos /
Mención de responsabilidad Natividad Padilla Almarante; prólogo José L. Almarales Santiesteban.
260 ## - PUBLICACIÓN, DISTRIBUCIÓN, ETC. (PIE DE IMPRENTA)
Lugar de publicación, distribución, etc Santo Domingo,
Fecha de publicación, distribución, etc 2002.
300 ## - DESCRIPCIÓN FÍSICA
Extensión 99 p. :
Dimensiones 21 cm.
650 #4 - ENCABEZAMIENTO DE MATERIA--TEMÁTICO
Término temático o nombre geográfico como elemento de entrada POESÍA DOMINICANA
650 #4 - ENCABEZAMIENTO DE MATERIA--TEMÁTICO
Término temático o nombre geográfico como elemento de entrada LITERATURA DOMINICANA
700 1# - ASIENTO SECUNDARIO -- NOMBRE PERSONAL
Nombre personal Almarales Santiesteban, José L.
Mención de responsabilidad pról.
910 ## - VALIDACIÓN
Validación Validado. Control de calidad BNPHU
930 #1 - EQUIVALENCE OR CROSS-REFERENCE-UNIFORM TITLE HEADING [LOCAL, CANADA]
Language of a work BND01
Medium of performance for music LF1
Field link and sequence number 20091008
Date of a work 04
Name of part/section of a work HD
Miscellaneous information 5764
Medium e. 3
930 #1 - EQUIVALENCE OR CROSS-REFERENCE-UNIFORM TITLE HEADING [LOCAL, CANADA]
Language of a work BND01
Medium of performance for music LF1
Field link and sequence number 20091008
Date of a work 01
Name of part/section of a work HD
Miscellaneous information 5763
930 #1 - EQUIVALENCE OR CROSS-REFERENCE-UNIFORM TITLE HEADING [LOCAL, CANADA]
Language of a work BND01
Medium of performance for music LF1
Field link and sequence number 20091008
Date of a work 01
Name of part/section of a work HD
Miscellaneous information 5763
Medium e. 2
942 ## - ADDED ENTRY ELEMENTS (KOHA)
Source of classification or shelving scheme Dewey Decimal Classification
Koha item type Libros
945 ## - INFORMACIÓN DE PROCESAMIENTO LOCAL
Información de procesamiento local Inventariado, 2018 / BT
956 ## - LOCAL ELECTRONIC LOCATION AND ACCESS (OCLC)
Nombre de host SARMENTERO
Número de acceso 10
Información de compresión 20091008
Inicio de sesión BND01
Procesador de solicitud 1313
956 ## - LOCAL ELECTRONIC LOCATION AND ACCESS (OCLC)
Nombre de host SARMENTERO
Número de acceso 10
Información de compresión 20091008
Inicio de sesión BND01
Procesador de solicitud 1313
956 ## - LOCAL ELECTRONIC LOCATION AND ACCESS (OCLC)
Nombre de host IGARCIA
Número de acceso 10
Información de compresión 20091010
Inicio de sesión BND01
Procesador de solicitud 1124
956 ## - LOCAL ELECTRONIC LOCATION AND ACCESS (OCLC)
Nombre de host DGARCIA
Número de acceso 10
Información de compresión 20091013
Inicio de sesión BND01
Procesador de solicitud 1001
956 ## - LOCAL ELECTRONIC LOCATION AND ACCESS (OCLC)
Nombre de host MMOLINA
Número de acceso 40
Información de compresión 20101006
Inicio de sesión BND01
Procesador de solicitud 0931
Existencias
Withdrawn status Lost status Source of classification or shelving scheme Damaged status Not for loan Collection code Home library Current library Date acquired Source of acquisition Total Checkouts Barcode Date last seen Price effective from Koha item type
    Dewey Decimal Classification     Colección Dominicana Biblioteca Pública Metropolitana Salomé Ureña Biblioteca Pública Metropolitana Salomé Ureña 07/16/2014 FUNDI   BPMSU15040605 07/16/2014 07/16/2014 Libros